Úvod do filozofie sociálneho poznania

Salvato in:
Dettagli Bibliografici
Autore principale: Sedová, Tatiana
Natura: Libro
Lingua:slovacco
Pubblicazione: Bratislava STIMUL 2000
Soggetti:
Tags: Aggiungi Tag
Nessun Tag, puoi essere il primo ad aggiungerne!!

MARC

LEADER 00000nam a2200000 4500
001 c125179
005 20221123133651.6
020 |a 80-88982-27-8 
041 0 |a slo 
044 |a SK 
245 1 0 |a Úvod do filozofie sociálneho poznania  |c Tatiana Sedová 
264 1 |a Bratislava  |b STIMUL  |c 2000 
300 |a 131 s. 
610 2 0 |a filozofia 
610 2 0 |a sociológia 
610 2 0 |a príroda 
610 2 0 |a teória poznania 
610 2 0 |a teória sociálna 
610 2 0 |a metódy poznania 
610 2 0 |a história 
100 1 |a Sedová, Tatiana